[Event "DVM U20 2019"]
[Site "Braunschweig"]
[Date "2019.12.27"]
[Round "1"]
[White "Dechant, Georg"]
[Black "Grimm, Ling Leander"]
[Result "1-0"]
[WhiteElo "2065"]
[BlackElo "1777"]
[Annotator "NA RC"]
[PlyCount "87"]
[EventDate "2019.12.27"]
[EventType "team-tourn"]
[EventRounds "7"]
[EventCountry "GER"]
[SourceTitle "playchess.com"]
[Source "ChessBase"]
[SourceQuality "1"]
[WhiteTeam "SC Bavaria Regensburg"]
[BlackTeam "SK Bebenhausen"]
[TimeControl "40/5400+30:1800+30"]

1. e4 {[%emt 0:00:00]} c5 {[%emt 0:00:00]} 2. Nf3 {[%emt 0:00:00]} Nc6 {[%emt 0:00:01]} 3. d4 {[%emt 0:00:00]} cxd4 {[%emt 0:00:11]} 4. Nxd4 {[%emt 0:00:00]} g6 {[%emt 0:00:17]} 5. Nc3 {[%emt 0:00:00]} Bg7 {[%emt 0:00:11]} 6. Be3 {[%emt 0:00:00]} Nf6 {[%emt 0:00:20]} 7. Nxc6 {[%emt 0:00:03]} bxc6 {[%emt 0:00:14]} 8. e5 {[%emt 0:00:04]} Ng8 {[%emt 0:00:17]} 9. f4 {[%emt 0:00:05]} Nh6 {[%emt 0:00:34] unterminated} 10. Qf3 {[%emt 0:08:12] unterminated B34: Sicilian: Accelerated Dragon with 5 Nc3: sidelines} (10. Qd2 d5 11. Bc5 O-O 12. Bd3 f6 13. O-O fxe5 14. fxe5 Nf7 15. Rae1 Nxe5 16. Rxf8+ Qxf8 17. Kh1 Qf6 18. Rf1 {½-½ (29) Abasov,N (2575)-Zvjaginsev,V (2661) Minsk 2017}) 10... O-O {[%emt 0:10:08]} 11. O-O-O {[%emt 0:02:48] unterminated} Qa5 {[%emt 0:16:50] unterminated} 12. a3 $146 {[%emt 0:14:12]} (12. Rd4 $11) ({Predecessor:} 12. h3 Rb8 13. g4 f6 14. Bc4+ Kh8 15. exf6 Bxf6 16. a3 Rxb2 17. Bd4 Qxa3 18. Bxf6+ exf6 {0-1 (26) Eldesoky,H (2307)-Zayan,O (2206) Mahalla 2014}) 12... Rb8 {[%emt 0:07:16]} 13. Rd4 {[%emt 0:00:45]} Qb6 {[%emt 0:14:56]} 14. Rb4 {[%emt 0:03:39]} Qc7 {[%emt 0:00:17]} 15. Rxb8 {[%emt 0:05:10]} Qxb8 {[%emt 0:00:26]} 16. h3 {[%emt 0:02:51]} Nf5 {[%emt 0:08:24]} 17. Bf2 {[%emt 0:00:24]} d6 {[%emt 0:00:53]} 18. g4 {[%emt 0:00:23]} Nh6 {[%emt 0:03:22] unterminated} 19. exd6 {[%emt 0:02:40]} Qxd6 {[%emt 0:02:39]} 20. Bc4 {[%emt 0:01:26] unterminated} Qc7 {[%emt 0:11:11]} 21. Re1 {[%emt 0:03:48] unterminated} Rd8 {[%emt 0:05:12] unterminated} 22. Bc5 {[%emt 0:05:39]} Rd7 {[%emt 0:02:03] unterminated} 23. Qe3 {[%emt 0:08:05] unterminated} e6 {[%emt 0:08:10]} 24. f5 {[%emt 0:01:14] unterminated} gxf5 {[%emt 0:00:55] [#] unterminated} 25. g5 $1 {[%emt 0:13:12]} f4 {[%emt 0:00:52]} 26. Qf3 {[%emt 0:00:11]} Nf5 {[%emt 0:00:50]} 27. Ne4 {[%emt 0:00:28]} Qd8 {[%emt 0:03:19] unterminated} 28. Qxf4 {[%emt 0:01:10]} a5 {[%emt 0:01:43]} 29. Qg4 {[%emt 0:02:08]} Kh8 {[%emt 0:00:35]} 30. Qh5 {[%emt 0:02:55]} Rb7 {[%emt 0:01:14]} 31. c3 {[%emt 0:00:08]} Rd7 {[%emt 0:00:32]} 32. Rg1 {[%emt 0:01:18]} Qc7 {[%emt 0:00:38]} 33. Qg4 {[%emt 0:04:18]} Qe5 {[%emt 0:00:39]} 34. h4 {[%emt 0:00:35]} Ne7 {[%emt 0:00:51]} 35. Rf1 {[%emt 0:00:59] unterminated} Nf5 {[%emt 0:00:36]} 36. Bg1 {[%emt 0:04:53]} Qc7 {[%emt 0:00:47] unterminated} 37. Nf6 {[%emt 0:02:47]} Rd8 {[%emt 0:00:33] unterminated} 38. Ne4 {[%emt 0:06:25] unterminated} Qe7 {[%emt 0:00:31] unterminated} 39. Bb6 {[%emt 0:01:21]} Rg8 {[%emt 0:00:14] unterminated} 40. Qh5 {[%emt 0:04:24] unterminated} a4 $2 {[%emt 0:00:18]} (40... Be5 41. Kb1 (41. Bxa5 Qa7 $15) 41... c5) 41. Bd3 {[%emt 0:31:07] unterminated} Qd7 {[%emt 0:05:22] unterminated} 42. Bc2 {[%emt 0:00:00]} Ba6 {[%emt 0:00:47] unterminated} 43. Rd1 {[%emt 0:00:00] unterminated} Qe7 {[%emt 0:02:33]} 44. Bc5 $18 {[%emt 0:00:00] normal} 1-0

[Event "DVM U20 2019"]
[Site "Braunschweig"]
[Date "2019.12.27"]
[Round "1"]
[White "Elier, Ali"]
[Black "Martin, Richard"]
[Result "1/2-1/2"]
[WhiteElo "2032"]
[BlackElo "1930"]
[Annotator "NA RC"]
[PlyCount "47"]
[EventDate "2019.12.27"]
[EventType "team-tourn"]
[EventRounds "7"]
[EventCountry "GER"]
[SourceTitle "playchess.com"]
[Source "ChessBase"]
[SourceQuality "1"]
[WhiteTeam "SF Brackel"]
[BlackTeam "OSG Baden-Baden"]
[TimeControl "40/5400+30:1800+30"]

1. e4 {[%emt 0:00:00]} c5 {[%emt 0:00:00]} 2. d4 {[%emt 0:00:00]} cxd4 {[%emt 0:00:00]} 3. c3 {[%emt 0:00:05]} dxc3 {[%emt 0:00:05]} 4. Nxc3 {[%emt 0:00:06]} Nc6 {[%emt 0:00:07]} 5. Nf3 {[%emt 0:00:03]} d6 {[%emt 0:00:12]} 6. Bc4 {[%emt 0:00:05]} a6 {[%emt 0:00:08]} 7. O-O {[%emt 0:00:05]} Nf6 {[%emt 0:00:04]} 8. Bf4 {[%emt 0:01:31] B21: Sicilian: 2 f4 and Morra Gambit} (8. h3 e6 9. Qe2 b5 10. Bb3 Bb7 11. Rd1 Qb8 12. Bf4 Nd7 13. Rd2 Be7 14. Bxd6 Bxd6 15. Rad1 Bf4 16. Rxd7 {0-1 (49) Mosadeghpour,M (2475)-Grigoryan,K (2602) Mashhad 2016}) 8... Bg4 {[%emt 0:00:10]} 9. h3 {[%emt 0:00:19]} Bxf3 {[%emt 0:00:09]} 10. Qxf3 {[%emt 0:00:04]} e6 {[%emt 0:00:11]} 11. Rfd1 {[%emt 0:00:36]} Qb8 {[%emt 0:00:11]} 12. Rac1 {[%emt 0:06:03]} Be7 {[%emt 0:00:34]} 13. Qg3 {[%emt 0:04:38]} Nh5 {[%emt 0:00:07]} 14. Bxd6 {[%emt 0:00:19]} Nxg3 {[%emt 0:00:04]} 15. Bxb8 {[%emt 0:00:08]} Rxb8 $146 {[%emt 0:00:02]} ({Predecessor:} 15... Nxe4) 16. fxg3 {[%emt 0:00:07]} Bf6 {[%emt 0:00:44] unterminated} 17. Ne2 {[%emt 0:14:33] unterminated} O-O {[%emt 0:04:58] unterminated} 18. b3 {[%emt 0:05:11]} Ne5 {[%emt 0:02:40] unterminated} 19. Nf4 {[%emt 0:02:29]} Rfd8 {[%emt 0:01:26] unterminated} 20. Be2 $15 {[%emt 0:02:07]} Kf8 {[%emt 0:06:44]} 21. Kf1 {[%emt 0:02:40]} Rbc8 {[%emt 0:02:19] normal} 22. Rxd8+ {[%emt 0:11:36]} Rxd8 {[%emt 0:00:25] normal} 23. Rc7 {[%emt 0:01:19] normal} Rd7 {[%emt 0:00:06]} 24. Rxd7 {[%emt 0:00:27] normal} 1/2-1/2

[Event "DVM U20 2019"]
[Site "Braunschweig"]
[Date "2019.12.27"]
[Round "1"]
[White "Wiegersma, Justus"]
[Black "Holinka, Henning"]
[Result "1/2-1/2"]
[WhiteElo "1975"]
[BlackElo "2233"]
[Annotator "TA"]
[PlyCount "83"]
[EventDate "2019.12.27"]
[EventType "team-tourn"]
[EventRounds "7"]
[EventCountry "GER"]
[SourceTitle "playchess.com"]
[Source "ChessBase"]
[SourceQuality "1"]
[WhiteTeam "SK Turm Kleve"]
[BlackTeam "Hamburger SK"]

{[%evp 10,83,41,45,60,54,76,76,108,83,85,74,108,94,93,89,95,95,99,90,90,83,98,100,104,108,148,145,163,165,215,206,214,195,239,232,225,213,202,178,204,170,186,186,170,164,194,172,186,179,204,179,163,118,267,0,286,195,268,166,229,238,245,191,173,189,281,216,237,217,231,193,177,157,180,179]} 1. c4 g6 2. Nc3 Bg7 3. Nf3 d6 4. g3 Nc6 5. d4 Bg4 6. d5 Ne5 {A41: 1 d4 d6: Tartakower System and Modern Defence} (6... Bxf3 7. exf3 Nd4 8. Bg2 c5 9. dxc6 Nxc6 10. O-O Nf6 11. f4 O-O 12. Be3 Rc8 13. Rc1 a6 14. Na4 {½-½ (62) Gallego Alcaraz,A (2511)-Almeida Quintana,O (2521) Santa Clara 2018}) 7. Nxe5 dxe5 8. Bg2 Nh6 $146 {White is better.} ({Predecessor:} 8... Nf6 9. h3 Bd7 10. O-O O-O 11. Be3 b6 12. Rc1 Ne8 13. c5 bxc5 14. Ne4 {0-1 (58) Stepanov,E (2256)-Eliseev,A (2325) Ufa 2000}) 9. h3 {[#] Black must now prevent Bxh6.} Bd7 10. e4 f5 11. Bxh6 Bxh6 12. exf5 Bxf5 13. O-O O-O 14. Re1 Bg7 15. Qe2 Qc8 16. Kh2 Bd7 17. Rad1 Rf5 18. Ne4 Rh5 {[%cal Rd7h3]} 19. h4 Qf8 20. Nc5 Bc8 21. Bh3 Bf6 22. Bxc8 Rxc8 23. Kg2 ({Resist} 23. Nxb7 $6 Bxh4 24. Kg2 (24. gxh4 Qf4+ 25. Kg1 Rf8 $19) 24... Qf5) 23... b6 24. Ne4 Rf5 25. Rh1 Qf7 26. b3 Rf8 27. a4 h6 28. Rd2 Bg7 29. Rd3 Qe8 30. Rf1 R8f7 31. Qc2 Qf8 (31... e6 $16) 32. Qe2 $2 {[#]} ({White should play} 32. c5 $18) 32... Bf6 $2 {[%mdl 8192]} (32... Qe8 $1 $11) 33. Qg4 Rg7 (33... Kh7 $142 34. Qe2 Qc8) 34. Rh1 Kh7 (34... e6 $142 35. d6 (35. dxe6 h5 $16) 35... cxd6) 35. Qe2 $18 Rg8 36. h5 gxh5 37. Rxh5 Bg5 (37... Rxh5 {was necessary.} 38. Qxh5 Qe8) 38. Rd1 Bf4 {White is clearly better.} 39. Rxf5 Qxf5 40. Rh1 Rg4 41. f3 Rg6 42. Kf2 {Accuracy: White = 58%, Black = 33%.} 1/2-1/2

[Event "DVM U20 2019"]
[Site "Braunschweig"]
[Date "2019.12.27"]
[Round "1"]
[White "Tiedemann, Fin Niklas"]
[Black "Biastoch, Bennet"]
[Result "1/2-1/2"]
[WhiteElo "1936"]
[BlackElo "2242"]
[Annotator "NA"]
[PlyCount "82"]
[EventDate "2019.12.27"]
[EventType "team-tourn"]
[EventRounds "7"]
[EventCountry "GER"]
[SourceTitle "playchess.com"]
[Source "ChessBase"]
[SourceQuality "1"]
[WhiteTeam "Lübecker SV"]
[BlackTeam "SG Aufbau Elbe Magdeburg"]
[TimeControl "40/5400+30:1800+30"]

1. e4 {[%emt 0:00:00]} c5 {[%emt 0:00:00]} 2. Nc3 {[%emt 0:00:00]} Nc6 {[%emt 0:00:00]} 3. g3 {[%emt 0:00:03]} g6 {[%emt 0:00:41]} 4. Bg2 {[%emt 0:00:08]} Bg7 {[%emt 0:00:24]} 5. d3 {[%emt 0:00:10]} e6 {[%emt 0:00:39]} 6. f4 {[%emt 0:00:13]} Nge7 {[%emt 0:00:52]} 7. Nf3 {[%emt 0:07:15]} d6 {[%emt 0:00:53]} 8. O-O {[%emt 0:00:24]} O-O {[%emt 0:00:12]} 9. Ne2 {[%emt 0:02:56] unterminated} b6 {[%emt 0:03:51] unterminated} 10. c3 {[%emt 0:01:03]} Ba6 {[%emt 0:02:29] unterminated} 11. Be3 {[%emt 0:02:59] unterminated B25: Closed Sicilian: 3 g3, lines without early Be3} (11. Rb1 Qd7 12. b4 Nd8 13. Be3 Rc8 14. a4 f5 15. b5 Bb7 16. Nd2 Nf7 17. Qb3 fxe4 18. dxe4 d5 {½-½ (55) Cori Tello,J (2549)-Hamitevici,V (2467) Tromsoe 2014}) 11... Rc8 {[%emt 0:06:33] unterminated} 12. Bf2 {[%emt 0:09:55] unterminated} Qd7 {[%emt 0:11:23] unterminated} 13. Re1 {[%emt 0:04:40] unterminated} Rfd8 $146 {[%emt 0:03:35] unterminated} ({Predecessor:} 13... e5 14. f5 gxf5 15. Bh3 d5 16. Qc2 dxe4 17. dxe4 Qd3 18. Qxd3 Bxd3 19. exf5 Bxf5 20. Bxf5 Nxf5 {0-1 (53) Trnovec,M-Bezold,M (2345) Cattolica 1992}) 14. Rc1 {[%emt 0:05:28] unterminated} h6 {[%emt 0:19:21] unterminated} 15. h3 {[%emt 0:07:40] unterminated} e5 {[%emt 0:03:37]} 16. g4 {[%emt 0:09:28]} d5 {[%emt 0:03:59]} 17. exd5 {[%emt 0:19:14]} Nxd5 {[%emt 0:00:29]} 18. fxe5 {[%emt 0:00:49]} Nxe5 {[%emt 0:00:50]} 19. Nxe5 {[%emt 0:00:36]} Bxe5 {[%emt 0:00:07]} 20. d4 {[%emt 0:00:32] unterminated} Nf4 {[%emt 0:12:30]} 21. Nxf4 {[%emt 0:03:18]} Bxf4 {[%emt 0:00:09] unterminated} 22. Rc2 {[%emt 0:05:29] unterminated} Bb8 {[%emt 0:02:54] unterminated} 23. d5 $15 {[%emt 0:03:44]} Qd6 {[%emt 0:14:13]} 24. c4 {[%emt 0:00:12]} b5 {[%emt 0:00:08]} 25. b3 {[%emt 0:00:24]} bxc4 {[%emt 0:00:15]} 26. bxc4 {[%emt 0:00:08]} Re8 {[%emt 0:00:37]} 27. Qc1 {[%emt 0:08:31]} Rxe1+ {[%emt 0:06:29]} 28. Qxe1 {[%emt 0:00:41]} Qf4 {[%emt 0:03:32]} 29. Qe3 {[%emt 0:03:26]} Qxe3 {[%emt 0:02:04]} 30. Bxe3 {[%emt 0:00:05]} Kg7 {[%emt 0:00:13]} 31. Kf2 {[%emt 0:01:40]} Bd6 {[%emt 0:00:09]} 32. Bf1 {[%emt 0:01:48]} Rb8 {[%emt 0:00:08]} 33. Bd3 {[%emt 0:00:57]} Rb1 {[%emt 0:00:53]} 34. Bf1 {[%emt 0:02:10]} f5 {[%emt 0:00:20]} 35. gxf5 {[%emt 0:00:38]} gxf5 {[%emt 0:00:02]} 36. Bd3 {[%emt 0:00:17]} Bc8 {[%emt 0:01:27]} 37. Kg2 {[%emt 0:00:34]} Rb7 {[%emt 0:01:19]} 38. Rf2 {[%emt 0:00:22]} Kg6 {[%emt 0:00:43]} 39. Re2 {[%emt 0:00:53]} Re7 {[%emt 0:00:35]} 40. Bf2 {[%emt 0:00:34]} Rxe2 {[%emt 0:00:36]} 41. Bxe2 {[%emt 0:30:08]} Kg5 {[%emt 0:09:56] normal} 1/2-1/2

[Event "DVM U20 2019"]
[Site "Braunschweig"]
[Date "2019.12.27"]
[Round "1"]
[White "Jurga, Jonas Vincent"]
[Black "Garbuz, Vitaliy"]
[Result "0-1"]
[WhiteElo "1896"]
[BlackElo "2064"]
[Annotator "NA RC"]
[PlyCount "58"]
[EventDate "2019.12.27"]
[EventType "team-tourn"]
[EventRounds "7"]
[EventCountry "GER"]
[SourceTitle "playchess.com"]
[Source "ChessBase"]
[SourceQuality "1"]
[WhiteTeam "OSG Baden-Baden"]
[BlackTeam "SF Brackel"]
[TimeControl "40/5400+30:1800+30"]

1. e4 {[%emt 0:00:14]} c5 {[%emt 0:00:00]} 2. Nf3 {[%emt 0:00:25]} Nc6 {[%emt 0:00:12]} 3. d4 {[%emt 0:00:06]} cxd4 {[%emt 0:00:05]} 4. Nxd4 {[%emt 0:00:06]} g6 {[%emt 0:00:10]} 5. c4 {[%emt 0:00:06]} Bg7 {[%emt 0:00:04]} 6. Be3 {[%emt 0:00:04]} Nf6 {[%emt 0:03:42]} 7. Nc3 {[%emt 0:00:10]} O-O {[%emt 0:00:52]} 8. Be2 {[%emt 0:00:06]} d6 {[%emt 0:00:38]} 9. O-O {[%emt 0:00:15]} Bd7 {[%emt 0:00:24]} 10. h3 {[%emt 0:09:29]} Nxd4 {[%emt 0:09:14]} 11. Bxd4 {[%emt 0:00:15]} Bc6 {[%emt 0:01:49]} 12. Qc2 {[%emt 0:00:30] B38: Sicilian: Maroczy Bind with 5...Bg7 and 7...0-0} a5 {[%emt 0:01:30]} 13. Rad1 {[%emt 0:00:49]} Nd7 {[%emt 0:01:02]} 14. Bxg7 {[%emt 0:00:12]} Kxg7 {[%emt 0:00:08] unterminated} 15. Bg4 {[%emt 0:01:16] unterminated} Nc5 {[%emt 0:14:34] unterminated} 16. e5 {[%emt 0:06:56]} f5 {[%emt 0:01:05]} 17. Be2 {[%emt 0:01:44] unterminated} f4 {[%emt 0:03:37]} 18. f3 $146 {[%emt 0:01:38]} ({Predecessor:} 18. exd6 f3 19. Bxf3 Bxf3 20. gxf3 exd6 {½-½ (58) Moroni,L (2448)-Mamedov,R (2689) Minsk 2017}) 18... Qb6 {[%emt 0:01:46] unterminated} 19. exd6 {[%emt 0:00:37] unterminated} Ne4+ {[%emt 0:10:21]} 20. Kh2 {[%emt 0:00:11]} Nxd6 {[%emt 0:00:44] unterminated} 21. Bd3 {[%emt 0:04:27]} Qc5 {[%emt 0:03:17] unterminated} 22. Qe2 {[%emt 0:03:49] unterminated} Rae8 $14 {[%emt 0:07:16]} 23. b3 {[%emt 0:14:13]} Qb4 {[%emt 0:05:38]} 24. Qe5+ {[%emt 0:01:06]} Kg8 {[%emt 0:04:22]} 25. Ne2 {[%emt 0:03:08]} a4 {[%emt 0:05:28]} 26. Nxf4 {[%emt 0:03:56]} axb3 {[%emt 0:02:03]} 27. Ne6 {[%emt 0:03:28]} Rf6 {[%emt 0:00:34]} 28. axb3 {[%emt 0:01:36]} Nf7 {[%emt 0:00:34]} 29. Qe2 {[%emt 0:00:52]} Qd6+ {[%emt 0:00:39] normal} 0-1

[Event "DVM U20 2019"]
[Site "Braunschweig"]
[Date "2019.12.27"]
[Round "1"]
[White "Fuhrmann, Äke"]
[Black "Habersetzer, Elyse"]
[Result "*"]
[WhiteElo "1879"]
[BlackElo "1650"]
[Annotator "NA RC"]
[PlyCount "50"]
[EventDate "2019.12.27"]
[EventType "team-tourn"]
[EventRounds "7"]
[EventCountry "GER"]
[SourceTitle "playchess.com"]
[Source "ChessBase"]
[SourceQuality "1"]
[WhiteTeam "Hamburger SK"]
[BlackTeam "SK Turm Kleve"]
[TimeControl "40/5400+30:1800+30"]

1. c4 e6 {[%emt 0:00:00]} 2. g3 {[%emt 0:00:04]} d5 {[%emt 0:00:00]} 3. Bg2 {[%emt 0:00:05]} dxc4 {[%emt 0:03:14]} 4. Qa4+ {[%emt 0:00:10]} Nd7 {[%emt 0:00:16]} 5. Qxc4 {[%emt 0:00:10]} a6 {[%emt 0:00:40]} 6. Qb3 {[%emt 0:01:34]} Rb8 {[%emt 0:01:46] unterminated} 7. Nf3 {[%emt 0:05:28]} Ngf6 {[%emt 0:01:26] unterminated} 8. O-O {[%emt 0:04:23] unterminated unterminated. A13: English Opening: 1...e6} (8. d4 b5 9. Ne5 Nxe5 10. dxe5 Nd7 11. O-O Nxe5 12. Rd1 Bd6 13. Bf4 Qe7 14. Bxe5 Bxe5 15. Bc6+ Kf8 {½-½ (72) Ding,L (2805)-Karjakin,S (2750) Saint Louis 2019}) 8... Be7 {[%emt 0:02:05] unterminated} 9. Nc3 {[%emt 0:03:31]} O-O {[%emt 0:02:24] unterminated} 10. d4 {[%emt 0:06:22] unterminated} b5 {[%emt 0:06:05]} 11. Rd1 {[%emt 0:04:09] unterminated} Bb7 {[%emt 0:04:15] unterminated} 12. Bf4 {[%emt 0:10:42] unterminated} Rc8 {[%emt 0:03:56] unterminated} 13. Ne5 {[%emt 0:08:17] unterminated} Bxg2 {[%emt 0:05:11]} 14. Kxg2 {[%emt 0:00:07] [#]} Nb6 $146 {[%emt 0:01:56] unterminated} ({Predecessor:} 14... c5 15. dxc5 {1-0 (23) Belous,V (2471)-Shimanov,A (2544) Kirishi 2010}) 15. Rac1 {[%emt 0:14:02] unterminated} Qe8 {[%emt 0:07:29] unterminated} 16. Nd3 {[%emt 0:06:41] unterminated} Nc4 {[%emt 0:04:12]} 17. a4 {[%emt 0:02:44] unterminated} c6 {[%emt 0:12:34]} 18. Nc5 {[%emt 0:04:11] unterminated} Bxc5 {[%emt 0:06:15]} 19. dxc5 {[%emt 0:00:05]} Nd5 {[%emt 0:00:38] unterminated} 20. Nxd5 {[%emt 0:03:09]} exd5 {[%emt 0:04:41] unterminated} 21. Qc3 {[%emt 0:03:56] unterminated} Qe4+ {[%emt 0:05:50]} 22. Kg1 {[%emt 0:00:21] unterminated} Rfe8 {[%emt 0:01:09]} 23. Rd3 {[%emt 0:03:57] unterminated} bxa4 {[%emt 0:06:42]} 24. Re1 {[%emt 0:01:32]} a5 {[%emt 0:00:59] unterminated} 25. Rdd1 {[%emt 0:03:18]} Qe7 $15 {[%emt 0:02:18] unterminated} *

[Event "DVM U20 2019"]
[Site "Braunschweig"]
[Date "2019.12.27"]
[Round "1"]
[White "Freiherr von Hauff, Christopher"]
[Black "Oberhofer, Cédric"]
[Result "*"]
[WhiteElo "1868"]
[BlackElo "2260"]
[Annotator "TA"]
[PlyCount "60"]
[EventDate "2019.12.27"]
[EventType "team-tourn"]
[EventRounds "7"]
[EventCountry "GER"]
[SourceTitle "playchess.com"]
[Source "ChessBase"]
[SourceQuality "1"]
[WhiteTeam "SK Bebenhausen"]
[BlackTeam "SC Bavaria Regensburg"]

{[%evp 11,60,0,0,0,0,8,8,0,9,4,14,20,23,0,22,23,66,18,40,22,29,25,21,17,15,-16,-14,-16,-14,-19,-19,-25,-33,-49,-2,-2,-2,-41,-36,-26,-31,-62,-64,-79,-87,-99,-112,-105,-108,-125,-113]} 1. e4 c5 2. c3 g6 3. d4 cxd4 4. cxd4 d5 5. exd5 Nf6 6. Nc3 Nxd5 7. Qb3 {B14: Caro-Kann: Panov-Botvinnik Attack with 5...e6 and 5...g6} (7. Bc4 Nxc3 8. Qb3 e6 9. bxc3 Nc6 10. Nf3 Bg7 11. Ba3 Bf8 12. Bc1 Bg7 13. Ba3 Bf8 14. Bc1 Bg7 15. Ba3 Bf8 16. Bc1 {½-½ (16) Frolyanov,D (2538)-Kobalia,M (2608) Yaroslavl 2019}) 7... Nb6 8. Be3 Bg7 9. Rd1 {The position is equal.} O-O 10. Nf3 Nc6 11. d5 Ne5 12. Be2 Bd7 13. O-O Rc8 $146 ({Predecessor:} 13... Qc7 14. Qb4 Nec4 15. Bxb6 Nxb6 16. Rfe1 Rfe8 {0-1 (32) Karlsson,A (2314)-Hentunen,A (2317) Internet 2002}) 14. Bd4 (14. Nd4 $5 {[%cal Rd4e6]}) 14... Qc7 15. Rfe1 Nxf3+ 16. Bxf3 Rfe8 17. Bxg7 Kxg7 18. a4 Nc4 19. h3 Qb6 20. Qxb6 axb6 21. b3 Na5 22. Nb5 Bxb5 (22... Nxb3 {looks sharper.} 23. Bg4 f5 24. Bf3 Kf8 25. d6 exd6 26. Rxe8+ Rxe8 27. Nxd6 Re7) 23. axb5 {Hoping for d6.} Nxb3 24. d6 (24. Re3 {feels hotter.} Na5 25. d6 exd6 26. Rxe8 Rxe8 27. Rxd6 Nc4 28. Rd7) 24... exd6 25. Rxe8 Rxe8 26. Rxd6 Re6 27. Rxe6 fxe6 {Black is better.} 28. Bxb7 $15 {KB-KN} Nd4 29. Ba6 Kf6 30. f3 Ke5 {Accuracy: White = 38%, Black = 71%.} *

[Event "DVM U20 2019"]
[Site "Braunschweig"]
[Date "2019.12.27"]
[Round "1"]
[White "von Angern, Cedric"]
[Black "Kroschel, Anton"]
[Result "*"]
[WhiteElo "1867"]
[BlackElo "1756"]
[Annotator "NA RC"]
[PlyCount "39"]
[EventDate "2019.12.27"]
[EventType "team-tourn"]
[EventRounds "7"]
[EventCountry "GER"]
[SourceTitle "playchess.com"]
[Source "ChessBase"]
[SourceQuality "1"]
[WhiteTeam "SG Aufbau Elbe Magdeburg"]
[BlackTeam "Lübecker SV"]
[TimeControl "40/5400+30:1800+30"]

{[%evp 11,39,-27,11,-2,23,32767,14,32767,32767,23,32767,32767,32767,32767,32767,32767,32767,32767,32767,32767,32767,32767,32767,68,103,117,118,96,32767,120]} 1. e4 {[%emt 0:00:00]} c5 {[%emt 0:00:00]} 2. Nf3 {[%emt 0:00:00]} e6 {[%emt 0:00:00]} 3. d4 {[%emt 0:00:43]} cxd4 {[%emt 0:00:00]} 4. Nxd4 {[%emt 0:00:48]} Nf6 {[%emt 0:00:00] unterminated} 5. Bd3 {[%emt 0:19:26]} Nc6 {[%emt 0:01:59] unterminated} 6. c3 {[%emt 0:03:33] unterminated} Be7 {[%emt 0:11:38] unterminated B40: Sicilian: 2...e6, Unusual lines} (6... Qc7 7. O-O h5 8. Nxc6 bxc6 9. Nd2 d5 10. exd5 cxd5 11. Bb5+ Bd7 12. Qa4 Bd6 13. Nf3 Rb8 14. Bxd7+ Qxd7 {0-1 (26) Bratkovskiy,D (2202)-Eraschenkov,D (2391) Maikop 2019}) 7. O-O {[%emt 0:01:51] unterminated} O-O {[%emt 0:14:02] unterminated} 8. Qe2 {[%emt 0:06:02] unterminated} d6 {[%emt 0:11:21] unterminated} 9. Nd2 {[%emt 0:08:22] unterminated} e5 {[%emt 0:13:45] unterminated} 10. N4f3 $146 {[%emt 0:05:27]} ({Predecessor:} 10. Nc2 Bg4 11. f3 Be6 12. Nc4 Qc7 {½-½ (12) Kindler,J-Kiefer,G Ketsch 1978}) 10... Nd7 {[%emt 0:14:00]} 11. Nc4 {[%emt 0:08:00]} Nc5 {[%emt 0:00:54]} 12. Bc2 {[%emt 0:01:40]} Qc7 {[%emt 0:11:38]} 13. Ne3 {[%emt 0:05:20]} Be6 {[%emt 0:00:59]} 14. Rd1 {[%emt 0:03:46]} a5 {[%emt 0:01:59]} 15. Nd5 {[%emt 0:04:46]} Bxd5 {[%emt 0:00:33]} 16. Rxd5 {[%emt 0:01:02]} Ne6 {[%emt 0:00:41] unterminated} 17. g3 {[%emt 0:03:01] unterminated} Rad8 {[%emt 0:04:38]} 18. Be3 {[%emt 0:02:07] unterminated} b6 {[%emt 0:03:08] unterminated} 19. Rad1 {[%emt 0:03:09]} Nc5 {[%emt 0:03:27] unterminated} 20. a3 $16 {[%emt 0:06:03] unterminated} *